Milníky evropské měnové unie

Spoločná mena v Európskej únii. Menová únia ako problém politický. Tri etapy na ceste k menovej únii. Konvergenčné kritériá nevyhnutné pre vstup do menovej únie. Nadväznosť Európskej menovej únie na európsky menový systém (EMS). Menová únia a kandidáti na členstvo v Európskej únii. Problémy spojené...

Descrizione completa

Salvato in:
Dettagli Bibliografici
Autore principale: Tomášek, M.
Natura: Capitolo di libro
Lingua:ceco
Soggetti:
Tags: Aggiungi Tag
Nessun Tag, puoi essere il primo ad aggiungerne!!

MARC

LEADER 00000naa a2200000 4500
001 r016526
005 20221208130928.6
041 0 |a cze 
044 |a CZ 
245 1 0 |a Milníky evropské měnové unie  |c M. Tomášek 
520 |a Spoločná mena v Európskej únii. Menová únia ako problém politický. Tri etapy na ceste k menovej únii. Konvergenčné kritériá nevyhnutné pre vstup do menovej únie. Nadväznosť Európskej menovej únie na európsky menový systém (EMS). Menová únia a kandidáti na členstvo v Európskej únii. Problémy spojené so vstupom krajín do EÚ s menovou úniou. 
610 2 0 |a Európska únia 
610 2 0 |a únie menové 
610 2 0 |a Európa 
610 2 0 |a Európsky menový systém 
100 1 |a Tomášek, M.